00981 a2200217 4500010001400000020002300014035001300037037001800050082000800068090001500076100001700091245014700108260004500255270013200300300003000432650001400462942002300476999001500499952012800514952012100642 aENG-85699 c310.00a8178121891 aEN-69232 bD.B.Act / Pub14a330 c3335d33351 aSanjay Kumar1 aR. Gupta's popular master guide U.G.C. junior research fellowship and lectureship exam NET /SLET Economics, paper II and IIIcby Sanjay Kumar aNew DelhibRamesh Publishing Housec2008 a12-H, New Darya Ganj Road, Opp. Traffic KotwalibNew DelhicDelhi :e110002k23261647l23275124minfo@rameshpublishinghouse.com axvi, 592 p.c23 cm (pbk) aEconomics adplcENk330 / SAN c3270d3270 00102ddc40718NFICaDBADbDBADeDBAD/PUBg310.00l0o330pEN-69232r2008-09-15 00:00:00t1u3481v310.00w2008-09-15yEN 00102ddc40708NFICaYVbYVd2019-09-06g310.00l0o330 SANpB-223298r2019-09-06 00:00:00v310.00w2019-09-06yEN